Link budget for space applications

Guardado en:
Detalles Bibliográficos
Autor principal: Vertaľová, Viktória (Autor)
Otros Autores: Farkaš, Peter (Orientador)
Formato: Manuscrito Libro
Lenguaje:eslovaco
inglés
Publicado: Bratislava : STU v Bratislave FEI, 2020
Materias:
Acceso en línea:https://opac.crzp.sk/?fn=detailBiblioForm&sid=ADD66581470B3E4A18405BD5D96A&seo=CRZP-detail-kniha
Etiquetas: Agregar Etiqueta
Sin Etiquetas, Sea el primero en etiquetar este registro!

MARC

LEADER 00000ntm a22000003a 4500
001 stuzp71901
003 SK-STU
005 20200710102336.3
007 ta
008 150427s2015----xo-----f-mn---000-0-slo-d
040 |a STU  |b slo 
041 0 |a eng 
044 |a xo 
100 1 |a Vertaľová, Viktória  |u 037000  |4 aut  |U FEI Fakulta elektrotechniky a informatiky  |T FEI Ústav multimediálnych informačných a komunikačných technológií  |X 87090  |U E070  |Y 818  |7 87090 
242 0 1 |a Bilancia linky pre satelitné aplikácie  |y slo 
245 1 0 |a Link budget for space applications 
260 |a Bratislava :  |b STU v Bratislave FEI,  |c 2020 
300 |a 53 s. 
650 4 |a bilancia satelitnej linky  |2 slo 
650 4 |a geostacionárne satelity  |2 slo 
650 4 |a Matlab App Designer  |2 slo 
650 4 |a satellite link budget  |2 eng 
650 4 |a geostationary satellites  |2 eng 
650 4 |a Matlab App Designer  |2 eng 
700 1 |a Farkaš, Peter  |u 037000  |k Z1  |4 ths  |U FEI Fakulta elektrotechniky a informatiky  |T FEI Ústav multimediálnych informačných a komunikačných technológií  |X 1933  |U E070  |Y 818  |7 A000001933 
856 4 |u https://opac.crzp.sk/?fn=detailBiblioForm&sid=ADD66581470B3E4A18405BD5D96A&seo=CRZP-detail-kniha